Central Library OPAC University of Rajshahi

The making of modern Malaya : (Record no. 27516)

MARC details
000 -LEADER
fixed length control field 00771cam a2200265u 4500
001 - CONTROL NUMBER
control field 27516
003 - CONTROL NUMBER IDENTIFIER
rucl marc code BD-RjUL
005 - DATE AND TIME OF LATEST TRANSACTION
control field 20211209051150.0
008 - FIXED-LENGTH DATA ELEMENTS--GENERAL INFORMATION
fixed length control field 140325s19651963my abc 001 0 eng d
035 ## - SYSTEM CONTROL NUMBER
System control number (BD-RjUL)27590
040 ## - CATALOGING SOURCE
Original cataloging agency DLC
Transcribing agency CarP
Modifying agency BD-RjUL
Language of cataloging eng
041 ## - LANGUAGE CODE
Language code of text/sound track or separate title eng
082 ## - DEWEY DECIMAL CLASSIFICATION NUMBER
Classification number 959.5
Author mark and year RYM 1965
100 1# - MAIN ENTRY--PERSONAL NAME
Personal name Ryan, N. J.
9 (RLIN) 84510
245 14 - TITLE STATEMENT
Title The making of modern Malaya :
Remainder of title a history from earliest times to independence /
250 ## - EDITION STATEMENT
Edition statement 2d ed.
260 ## - PUBLICATION, DISTRIBUTION, ETC. (IMPRINT)
Place of publication, distribution, etc. Kuala Lumpur :
Name of publisher, distributor, etc. Oxford University Press,
Date of publication, distribution, etc. 1965 [c1963].
300 ## - PHYSICAL DESCRIPTION
Pagination xv, 222 p. :
Illustrations ill., maps, ports. ;
Size 22 cm.
504 ## - BIBLIOGRAPHY, ETC. NOTE
Bibliography, etc Includes index.
650 ## - SUBJECT ADDED ENTRY--TOPICAL TERM
Topical term or geographic name as entry element Malaysia
9 (RLIN) 84511
651 #0 - SUBJECT ADDED ENTRY--GEOGRAPHIC NAME
Geographic name Malaysia
General subdivision History.
9 (RLIN) 84512
942 ## - ADDED ENTRY ELEMENTS (KOHA)
Source of classification or shelving scheme Dewey Decimal Classification
Koha item type Books
Holdings
Lost status Source of classification or shelving scheme Damaged status Not for loan Collection code Permanent Location Current Location Shelving location Date acquired Source of acquisition Cost, normal purchase price Full call number Date last seen Copy number Koha item type
  Dewey Decimal Classification     Non-fiction Central Library, University of Rajshahi Central Library, University of Rajshahi Reading Room 31/01/1967 Euro Park 0.00 959.5 RYM 1965 25/03/2014 C-1 Books